Sports Quiz

Random Sports or NHL Quiz

Philadelphia Flyers 2010-11 Quiz Stats

Quiz not verified by Sporcle

Challenge
Share
Tweet
Embed
Score 0/23 Timer 05:00
0 Plays Today
Number % Correct
48Danny Briere
96.4%
17Jeff Carter
94.7%
18Mike Richards
94%
28Claude Giroux
92.2%
20Chris Pronger
91.5%
19Scott Hartnell
90.7%
44Kimmo Timonen
85.5%
33Brian Boucher
85.3%
13Daniel Carcillo
80.2%
5Braydon Coburn
78.6%
21James Van Riemsdyk
77.3%
11Blair Betts
76.2%
Number % Correct
25Matt Carle
75%
35Sergei Bobrovsky
74.6%
22Ville Leino
73.7%
36Darroll Powe
65.9%
93Nikolay Zherdev
64.6%
45Jody Shelley
60.1%
41Andrej Meszaros
59.2%
15Andreas Nodl
57.5%
10Kris Versteeg
56.3%
6Sean O'Donnell
51.5%
3Oskars Bartulis
46.3%

You're not logged in!

Compare scores with friends on all Sporcle quizzes.
Sign Up with Email
OR
Log In

You Might Also Like...

Show Comments

Extras

Top Quizzes Today


Score Distribution

Your Account Isn't Verified!

In order to create a playlist on Sporcle, you need to verify the email address you used during registration. Go to your Sporcle Settings to finish the process.